00649nam a2200169 a 4500999001500000020002700015020003000042100002200072245004900094260004200143300000800185650002000193856004800213942000700261952010600268952010500374 c8307d8307 a812032790X (paperback) a9788120327900 (paperback)1 aRathakrishnan, E.10aFundamentals of Engineering Thermodynamics / bPrentice Hall of India,c2000. a1 v aImp aThermodynamics  uhttp://10.10.170.122:8080/browse/book/24847 cBK 001040708REFaREFbREFd2014-07-21l0o621.4021RAT (Shelf - 64D)p23921r2014-07-21 00:00:00yBK 00104070aQUESTCLbQUESTCLd2014-07-21l1o621.4021RATp23922r2017-11-24 00:00:00s2016-04-01yBK